000 00675nam a2200205 a 4500
005 20230808063550.0
008 030514s1999 mx r 000 0 spa d
020 _a9688566683
035 _aUPN01000124076
049 _aCG
050 4 _aJA74.5
_aP8.4
245 0 0 _aPsicología política /
_ccoord. Luis A. Oblitas Guadalupe, Angel Rodríguez Kauth.
260 _aMéxico :
_bPlaza y Valdés :
_bUniversidad Intercontinental,
_c1999.
300 _a311 p.
650 4 _aPsicología política
_97126
651 4 _aAmérica Latina
_xPolítica y gobierno
_91083
700 1 _aOblitas Guadalupe, Luis A.,
_ecoord.
700 1 _aRodríguez Kauth, Angel,
_ecoord.
905 _aLibro
999 _c96255
_d96255